01829nam a2200349 i 4500003000900000005001700009008004100026017001400067020001500081040004600096041000800142082002600150092000700176099003400183100005300217245014600270264006600416300003000482336002200512337002400534338003300558504010800591546009600699650007100795856005700866905000700923942001900930999001700949952017100966952017101137952017101308EG-GICUC20260121101532.0251222s2006    ua ||||fr|||| 00| 0 ara d  a200623777  a9770451096  a EG-GICUCbarac EG-GICUCd EG-GICUCerda0 aara04221a345.6bع ص . ن04221  aLaw1 07 345.6 ع ص . ن	20060 aعصمت عبد الله الشيخeمؤلف.12aالنظام القانونى لقرارات الوقف الاحتياطى :bدراسة مقارنة /cعصمت عبد الله الشيخ. 1aالقاهرة :bدار النهضة العربية،c2006.  a147 ؛ صفحةc24 سم.  2rda contentatext  2rda mediaaComputer  2rda carrieraOnline Resource  aيحتوي على ارجاعات ببليوجرافية
يحتوي على قائمة بالمراجع  aالنص أغلبه باللغة العربية مع بعض النصوص الفرنسية14aالقرارت الإداريةxالقانون الإداري40uhttps://fll.law.cu.edu.eg/fulltext/bks/B07-01527.pdf  a75  2ddccBKe21n0  c52151d52151  00102ddc40718القانون الإداريaCUbLAW1d2025-12-22l0oLaw1 07 345.6 ع ص . ن	2006 0701527	C1pB07-01527r2025-12-22 14:39:24t1w2025-12-22yBK  00102ddc40708القانون الإداريaCUbLAW1d2025-12-22l0oLaw1 07 345.6 ع ص . ن	2006 0701528	C2pB07-01528r2025-12-22 14:39:38t2w2025-12-22yBK  00102ddc40708القانون الإداريaCUbLAW2d2025-12-22l0oLaw2 07 345.6 ع ص . ن	2006 0701529	C3pB07-01529r2025-12-22 14:40:00t3w2025-12-22yBK